| 000 | 01589cad a22002295a 4500 | ||
|---|---|---|---|
| 001 | L152011 | ||
| 008 | 110121s2011 xxkd f s 000 0 eng d | ||
| 035 | _a(Sirsi) u152011 | ||
| 041 | 0 | _aeng | |
| 050 | 0 | 4 | _a333.72 $2 18 |
| 110 | 2 |
_aRoyal Institution of Chartered Surveyors _bEconomics _95033 |
|
| 245 | 0 | 0 |
_aGlobal property sustainability survey _bQ3 2010 _h[electronic resource] |
| 260 |
_aLondon _bRICS _c2011 |
||
| 490 | 0 |
_aRICS/CPE Global Commercial Property Sustainability Survey _vThird Quarter 2010 |
|
| 520 | _aThe RICS Global Property Sustainability Survey Q3 2010 indicates that the implementation of sustainable real estate requirements continues to pick up globally. However, there are still some divergent trends between types of occupiers, property sectors and world regions. Emerging Asia leads the world in implementing 'green' real estate solutions. Professional firms are ranked above governments and construction firms in terms of implementing sustainable solutions over the last quarter. Emerging and developed Asia continue to lead other world regions in nearly all survey categories. Agents in North America believe government measures to counter debt burdens will hinder sustainable construction. | ||
| 590 | _aKA | ||
| 650 | 2 | 4 | _aRICS/CPE GLOBAL COMMERCIAL PROPERTY SUSTAINABILITY SURVEY |
| 651 | 4 | _aInternational | |
| 690 | _aENVIRONMENTAL AND LAND CONSULTANCY-SUSTAINABILITY | ||
| 856 | 4 | 0 |
_uhttps://one/NR/rdonlyres/A7448238-8989-40AB-A607-5989491F6403/0/RICSGlobalSustainabilitySurveyQ3.pdf _zView the report free of charge at www.rics.org |
| 942 | _n0 | ||
| 999 |
_c111795 _d111795 |
||